| 000 | 00879nam a2200241Ia 4500 | ||
|---|---|---|---|
| 001 | 15771 | ||
| 003 | GE_BSU | ||
| 008 | 181216s||||||||xx |||||||||||||| ||und|| | ||
| 040 | _cGE_BSU | ||
| 080 | _a821.353.1-32 | ||
| 100 | _aციციშვილი, გიორგი | ||
| 245 | _aსიყვარული სისხლის წვიმების დროს | ||
| 245 | _bნოველები | ||
| 245 | _cრედ.ნანა კანდელაკი.მხ. დავით დუნდუა | ||
| 250 | _aმე-2 გამოც | ||
| 260 | _aთბილისი | ||
| 260 | _bსაბჭ. საქართველო | ||
| 260 | _c1978 | ||
| 300 | _a657გვ. ; 21სმ | ||
| 653 | _aნოველები | ||
| 653 | _aსიყვარული სისხლის წვიმების დროს | ||
| 942 | _cBK | ||
| 999 |
_c48869 _d48869 |
||